| 000 | 00578nam a2200169Ia 4500 | ||
|---|---|---|---|
| 008 | 090201s9999 xx 000 0 und d | ||
| 010 | _aKPL-17656 | ||
| 040 | _bमराठी | ||
| 041 | _aमराठी | ||
| 082 |
_a11389 _b17656 |
||
| 100 | _aप्रभाकर द. मराठे | ||
| 245 |
_aचंद्र वेचिले चांदणे _cप्रभाकर द. मराठे |
||
| 260 |
_c2004 _bवरदा बुक्स |
||
| 300 |
_a199 _bमोठा |
||
| 600 | _aचंद्र वेचिले चांदणे | ||
| 942 | _cBOOK | ||
| 999 |
_c211785 _d211785 |
||